000 00721nam a2200217Ii 4500
003 JO-AjNU
008 230605s9999||||xx |||||||||||||| ||und||
017 _a2007/25404
020 _a977-17-5297-9
040 _aJO-AjNU
_bara
_erda
_cJO-AjNU
041 _aara
050 1 4 _aHF5549 2007
100 3 _aمؤمن،طاهر شوقي,
_eauthor
_932481
245 0 0 _aعقد البيع الالكتروني: بحث في التجارة الالكترونية
264 3 1 _aالقاهرة: دار النهضة العربية،2007
300 _a135ص
336 _atext
_btxt
_2rdacontent
337 _aunmediated
_bn
_2rdamedia
338 _avolume
_bnc
_2rdacarrier
650 4 _aالعقود الالكترونية
_932482
999 _aA13118
_c16686
_d16686